Southville International School and Colleges
Your cart is empty.
  • Cart
  • Lists
    Public lists Eva Luna New books Lux_list list_1
    Your lists Log in to create your own lists
  • Log in to your account
  • Your cookies
  • Search history
Southville International School and Colleges
  • Advanced search
  • Recent comments
  • Most popular
  • Libraries

Log in to your account

Log in with GOOGLE


If you do not have an external account, but do have a local account, you can still log in:

  1. Home
  2. MARC view: Strategic management :
Normal view MARC view ISBD view

Strategic management : (Record no. 19412)

[ view plain ]
MARC details
000 -LEADER
fixed length control field 00641nam a2200217 a 4500
005 - DATE AND TIME OF LATEST TRANSACTION
control field 20140310183141.0
008 - FIXED-LENGTH DATA ELEMENTS--GENERAL INFORMATION
fixed length control field 020822s19uu xx 00 eng d
020 ## - INTERNATIONAL STANDARD BOOK NUMBER
International Standard Book Number 395716756
020 ## - INTERNATIONAL STANDARD BOOK NUMBER
International Standard Book Number 395109431
050 ## - LIBRARY OF CONGRESS CALL NUMBER
Classification number HD 70.U5
Item number .H54 1995
100 ## - MAIN ENTRY--PERSONAL NAME
Personal name Hill, Charles W.L.
245 ## - TITLE STATEMENT
Title Strategic management :
Remainder of title an integrated approach /
Statement of responsibility, etc Charles W.L. Hill.
260 ## - PUBLICATION, DISTRIBUTION, ETC. (IMPRINT)
Place of publication, distribution, etc Boston :
Name of publisher, distributor, etc Houghton Mifflin Co.,
Date of publication, distribution, etc 1995.
300 ## - PHYSICAL DESCRIPTION
Extent xxiii, 436, [557] p. :
Other physical details ill. ;
Dimensions 26 cm.
521 ## - TARGET AUDIENCE NOTE
Target audience note
546 ## - LANGUAGE NOTE
Language note C0304
650 ## - SUBJECT ADDED ENTRY--TOPICAL TERM
Topical term or geographic name as entry element management
General subdivision case studies
650 ## - SUBJECT ADDED ENTRY--TOPICAL TERM
Topical term or geographic name as entry element Strategic planning
650 ## - SUBJECT ADDED ENTRY--TOPICAL TERM
Topical term or geographic name as entry element Business planning
942 ## - ADDED ENTRY ELEMENTS (KOHA)
Koha item type Books
Source of classification or shelving scheme Library of Congress Classification
Call number prefix Foreign
Holdings
Withdrawn status Lost status Source of classification or shelving scheme Damaged status Home library Current library Shelving location Date acquired Total Checkouts Full call number Barcode Date last seen Copy number Price effective from Koha item type
    Library of Congress Classification   College Library College Library General Circulation Section 12/04/2013   HD 70.U5 .H54 1995 C0304 05/15/2018 1 12/04/2013 Books

Strategic management :

APA

Hill C. W., . (1995). Strategic management. Boston: Houghton Mifflin Co.

Chicago

Hill Charles W.L, . 1995. Strategic management. Boston: Houghton Mifflin Co.

Harvard

Hill C. W., . (1995). Strategic management. Boston: Houghton Mifflin Co.

MLA

Hill Charles W.L, . Strategic management. Boston: Houghton Mifflin Co. 1995.

  • Place hold
  • Print
  • Cite
  • Add to your cart (remove)
  • Save record
    BIBTEX Dublin Core MARCXML MARC (non-Unicode/MARC-8) MARC (Unicode/UTF-8) MARC (Unicode/UTF-8, Standard) MODS (XML) RIS
  • More searches
    Search for this title in:
    Other Libraries (WorldCat) Other Databases (Google Scholar) Online Stores (Bookfinder.com) Open Library (openlibrary.org)

Exporting to Dublin Core...

SOUTHVILLE LIBRARY

Southville International School and Colleges Library

1281 Tropical Ave. Cor. Luxembourg St., BF Homes International, Las Pinas City

Tel. No. 8256374 / 252358 Loc. 117/146

Powered by Koha